[Event "Stay Safe Play From Home 175"]
[Site "T#646355Emanuel Laske"]
[Date "2020.05.26"]
[Round "2"]
[White "The Next Contender"]
[Black "Grizzzly"]
[Result "1-0"]
[WhiteElo "1890"]
[BlackElo "1660"]
[Annotator "NA RC"]
[PlyCount "69"]
[EventDate "2020.05.26"]
[EventType "swiss (blitz)"]

1. d4 {[%emt 0:00:02]} d5 {[%emt 0:00:01]} 2. c4 {[%emt 0:00:01]} e6 {[%emt 0:00:00]} 3. Nf3 {[%emt 0:00:01]} Nf6 {[%emt 0:00:00]} 4. g3 {[%emt 0:00:01]} Nbd7 {[%emt 0:00:00]} 5. Bg2 {[%emt 0:00:01]} Bb4+ {[%emt 0:00:01]} 6. Bd2 {[%emt 0:00:01]} Qe7 {[%emt 0:00:02]} 7. a3 {[%emt 0:00:02]} Bxd2+ {[%emt 0:00:02]} 8. Nbxd2 {[%emt 0:00:00]} c6 {[%emt 0:00:00]} 9. O-O {[%emt 0:00:00]} O-O {[%emt 0:00:01]} 10. Qc2 {[%emt 0:00:00]} e5 {[%emt 0:00:01]} 11. Nxe5 {[%emt 0:00:01]} Nxe5 {[%emt 0:00:00]} 12. dxe5 {[%emt 0:00:00]} Qxe5 {[%emt 0:00:00]} 13. cxd5 {[%emt 0:00:01]} Nxd5 {[%emt 0:00:00]} 14. Nc4 {[%emt 0:00:01]} Qc7 {[%emt 0:00:02]} 15. Rad1 {[%emt 0:00:01]} Be6 {[%emt 0:00:01]} 16. Ne5 {[%emt 0:00:01]} Qxe5 {[%emt 0:00:02]} 17. b3 {[%emt 0:00:02]} Rfe8 {[%emt 0:00:01]} 18. e3 {[%emt 0:00:01]} Rad8 {[%emt 0:00:01]} 19. e4 {[%emt 0:00:00]} Nf6 {[%emt 0:00:02]} 20. Rc1 {[%emt 0:00:00]} Rd4 {[%emt 0:00:02]} 21. Qb2 {[%emt 0:00:01]} Red8 {[%emt 0:00:01]} 22. Rcd1 {[%emt 0:00:02]} Qd6 {[%emt 0:00:03]} 23. Rde1 {[%emt 0:00:03]} Bg4 {[%emt 0:00:05]} 24. e5 {[%emt 0:00:01]} Nd5 {[%emt 0:00:01]} 25. exd6 {[%emt 0:00:01]} Nf6 {[%emt 0:00:08]} 26. Qxd4 {[%emt 0:00:01]} Be6 {[%emt 0:00:02]} 27. Rxe6 {[%emt 0:00:01]} fxe6 {[%emt 0:00:01]} 28. Bh3 {[%emt 0:00:00]} Kf7 {[%emt 0:00:02]} 29. Re1 {[%emt 0:00:01]} Re8 {[%emt 0:00:01]} 30. Bxe6+ {[%emt 0:00:01]} Rxe6 {[%emt 0:00:02]} 31. Rxe6 {[%emt 0:00:00]} Kxe6 {[%emt 0:00:01]} 32. f4 {[%emt 0:00:00]} Nd7 {[%emt 0:00:01]} 33. f5+ {[%emt 0:00:01]} Kf7 {[%emt 0:00:02]} 34. Qxg7+ {[%emt 0:00:00]} Ke8 {[%emt 0:00:01]} 35. Qe7# {[%emt 0:00:01] (Lag: Av=0.60s, max=0.8s)} 1-0

[Event "Stay Safe Play From Home 175"]
[Site "T#646355Emanuel Laske"]
[Date "2020.05.26"]
[Round "2"]
[White "Haris kollari 13"]
[Black "Fischer_11"]
[Result "1/2-1/2"]
[WhiteElo "1655"]
[BlackElo "1913"]
[Annotator "NA"]
[PlyCount "118"]
[EventDate "2020.05.26"]
[EventType "swiss (blitz)"]

1. e3 {[%emt 0:00:01]} Nf6 {[%emt 0:00:01]} 2. e4 {[%emt 0:00:01]} e6 {[%emt 0:00:00]} 3. f3 {[%emt 0:00:01]} d5 {[%emt 0:00:01]} 4. e5 {[%emt 0:00:01]} Nfd7 {[%emt 0:00:01]} 5. d4 {[%emt 0:00:01]} c5 {[%emt 0:00:00]} 6. c3 {[%emt 0:00:01]} Nc6 {[%emt 0:00:00]} 7. f4 {[%emt 0:00:01]} cxd4 {[%emt 0:00:00]} 8. cxd4 {[%emt 0:00:01]} Be7 {[%emt 0:00:00]} 9. Nf3 {[%emt 0:00:01]} O-O {[%emt 0:00:00]} 10. Bd3 {[%emt 0:00:01]} f6 {[%emt 0:00:00]} 11. Be3 {[%emt 0:00:03]} fxe5 {[%emt 0:00:01]} 12. fxe5 {[%emt 0:00:01]} Qb6 {[%emt 0:00:05]} 13. Qd2 {[%emt 0:00:01]} Nb4 {[%emt 0:00:04]} 14. Nc3 {[%emt 0:00:01]} Nxd3+ {[%emt 0:00:01]} 15. Qxd3 {[%emt 0:00:01]} Nb8 {[%emt 0:00:10]} 16. O-O {[%emt 0:00:01]} Nc6 {[%emt 0:00:01]} 17. Rad1 {[%emt 0:00:05]} Bd7 {[%emt 0:00:01]} 18. Bg5 {[%emt 0:00:01]} Rac8 {[%emt 0:00:02]} 19. Bxe7 {[%emt 0:00:02]} Nxe7 {[%emt 0:00:00]} 20. Ng5 {[%emt 0:00:01]} g6 {[%emt 0:00:01]} 21. Rf6 {[%emt 0:00:03]} Nf5 {[%emt 0:00:02]} 22. g4 {[%emt 0:00:04]} Rxf6 {[%emt 0:00:02]} 23. exf6 {[%emt 0:00:01]} Qxd4+ {[%emt 0:00:02]} 24. Qxd4 {[%emt 0:00:02]} Nxd4 {[%emt 0:00:00]} 25. Rxd4 {[%emt 0:00:01]} e5 {[%emt 0:00:00]} 26. Rxd5 {[%emt 0:00:01]} Bxg4 {[%emt 0:00:03]} 27. f7+ {[%emt 0:00:01]} Kg7 {[%emt 0:00:02]} 28. Rxe5 {[%emt 0:00:01]} Rf8 {[%emt 0:00:02]} 29. h3 {[%emt 0:00:01]} Bc8 {[%emt 0:00:02]} 30. Nd5 {[%emt 0:00:01]} h6 {[%emt 0:00:00]} 31. Ne6+ {[%emt 0:00:02]} Bxe6 {[%emt 0:00:01]} 32. Rxe6 {[%emt 0:00:01]} Rxf7 {[%emt 0:00:00]} 33. Re7 {[%emt 0:00:00]} Rxe7 {[%emt 0:00:01]} 34. Nxe7 {[%emt 0:00:00]} Kf6 {[%emt 0:00:00]} 35. Nd5+ {[%emt 0:00:00]} Ke5 {[%emt 0:00:01]} 36. Nc7 {[%emt 0:00:00]} a6 {[%emt 0:00:01]} 37. Ne8 {[%emt 0:00:01]} Kd4 {[%emt 0:00:01]} 38. Kg2 {[%emt 0:00:01]} b5 {[%emt 0:00:01]} 39. Nd6 {[%emt 0:00:00]} Kd3 {[%emt 0:00:00]} 40. b3 {[%emt 0:00:01]} Kc3 {[%emt 0:00:01]} 41. Nf7 {[%emt 0:00:04]} Kb2 {[%emt 0:00:00]} 42. Nxh6 {[%emt 0:00:01]} Kxa2 {[%emt 0:00:00]} 43. Ng8 {[%emt 0:00:00]} Kxb3 {[%emt 0:00:00]} 44. Ne7 {[%emt 0:00:00]} a5 {[%emt 0:00:00]} 45. Nxg6 {[%emt 0:00:00]} a4 {[%emt 0:00:01]} 46. Ne5 {[%emt 0:00:00]} a3 {[%emt 0:00:00]} 47. Nd3 {[%emt 0:00:02]} a2 {[%emt 0:00:00]} 48. Nc1+ {[%emt 0:00:01]} Kc2 {[%emt 0:00:00]} 49. Nxa2 {[%emt 0:00:01]} b4 {[%emt 0:00:00]} 50. Nxb4+ {[%emt 0:00:01]} Kb3 {[%emt 0:00:00]} 51. h4 {[%emt 0:00:00]} Kc4 {[%emt 0:00:00]} 52. h5 {[%emt 0:00:00]} Kxb4 {[%emt 0:00:01]} 53. h6 {[%emt 0:00:00]} Kc5 {[%emt 0:00:00]} 54. h7 {[%emt 0:00:00]} Kd6 {[%emt 0:00:00]} 55. h8=Q {[%emt 0:00:00]} Kd5 {[%emt 0:00:01]} 56. Qe8 {[%emt 0:00:01]} Kd4 {[%emt 0:00:01]} 57. Kf3 {[%emt 0:00:00]} Kd3 {[%emt 0:00:00]} 58. Qd8+ {[%emt 0:00:01]} Kc2 {[%emt 0:00:00]} 59. Ke2 {[%emt 0:00:01]} Kb3 {[%emt 0:00:00] . Time (Lag: Av=0.40s, max=0.9s)} 1/2-1/2

[Event "Stay Safe Play From Home 175"]
[Site "T#646355Emanuel Laske"]
[Date "2020.05.26"]
[Round "2"]
[White "Tobo Rubirosa"]
[Black "Matanant"]
[Result "0-1"]
[WhiteElo "1503"]
[BlackElo "1681"]
[Annotator "NA RC"]
[PlyCount "74"]
[EventDate "2020.05.26"]
[EventType "swiss (blitz)"]

1. Nf3 {[%emt 0:00:05]} Nf6 {[%emt 0:00:01]} 2. d4 {[%emt 0:00:01]} d5 {[%emt 0:00:01]} 3. c4 {[%emt 0:00:01]} e6 {[%emt 0:00:01]} 4. g3 {[%emt 0:00:03]} c6 {[%emt 0:00:01]} 5. Bg2 {[%emt 0:00:01]} Be7 {[%emt 0:00:02]} 6. O-O {[%emt 0:00:01]} O-O {[%emt 0:00:00]} 7. Qc2 {[%emt 0:00:01]} Ne4 {[%emt 0:00:02]} 8. Rd1 {[%emt 0:00:01]} f5 {[%emt 0:00:01]} 9. b3 {[%emt 0:00:01]} Bd7 {[%emt 0:00:02]} 10. Ba3 {[%emt 0:00:01]} Be8 {[%emt 0:00:06]} 11. Bxe7 {[%emt 0:00:02]} Qxe7 {[%emt 0:00:02]} 12. Ne5 {[%emt 0:00:00]} Nd7 {[%emt 0:00:02]} 13. Nxd7 {[%emt 0:00:02]} Qxd7 {[%emt 0:00:02]} 14. Nc3 {[%emt 0:00:00]} Bg6 {[%emt 0:00:07]} 15. Nxe4 {[%emt 0:00:02]} fxe4 {[%emt 0:00:02]} 16. f3 {[%emt 0:00:02]} exf3 {[%emt 0:00:02]} 17. Qd2 {[%emt 0:00:00]} fxg2 {[%emt 0:00:02]} 18. Kxg2 {[%emt 0:00:01]} Qe7 {[%emt 0:00:04]} 19. e4 {[%emt 0:00:03]} Bxe4+ {[%emt 0:00:03]} 20. Kg1 {[%emt 0:00:01]} Qf6 {[%emt 0:00:01]} 21. Rf1 {[%emt 0:00:06]} Qg6 {[%emt 0:00:00]} 22. Rxf8+ {[%emt 0:00:04]} Rxf8 {[%emt 0:00:02]} 23. Rf1 {[%emt 0:00:01]} Rxf1+ {[%emt 0:00:02]} 24. Kxf1 {[%emt 0:00:01]} Qh5 {[%emt 0:00:00]} 25. Kg1 {[%emt 0:00:03]} Qf3 {[%emt 0:00:02]} 26. b4 {[%emt 0:00:08]} Qh1+ {[%emt 0:00:00]} 27. Kf2 {[%emt 0:00:01]} Qxh2+ {[%emt 0:00:00]} 28. Ke3 {[%emt 0:00:01]} Qxg3+ {[%emt 0:00:00]} 29. Ke2 {[%emt 0:00:01]} Qg2+ {[%emt 0:00:01]} 30. Kd1 {[%emt 0:00:01]} Qxd2+ {[%emt 0:00:00]} 31. Kxd2 {[%emt 0:00:01]} dxc4 {[%emt 0:00:00]} 32. Ke1 {[%emt 0:00:00]} Bd5 {[%emt 0:00:00]} 33. Kf2 {[%emt 0:00:00]} g5 {[%emt 0:00:00]} 34. Kg3 {[%emt 0:00:00]} h5 {[%emt 0:00:00]} 35. Kf2 {[%emt 0:00:00]} Kg7 {[%emt 0:00:00]} 36. Kf1 {[%emt 0:00:00]} Kg6 {[%emt 0:00:00]} 37. Kg1 {[%emt 0:00:00]} Kf5 {[%emt 0:00:00] Matanant reconnected. Tiempo (Lag: Av=0.87s, max=1.2s)} 0-1

[Event "Stay Safe Play From Home 175"]
[Site "T#646355Emanuel Laske"]
[Date "2020.05.26"]
[Round "3"]
[White "Eidgenosse"]
[Black "Toosieslide"]
[Result "1-0"]
[WhiteElo "2444"]
[BlackElo "2290"]
[Annotator "TA"]
[PlyCount "105"]
[EventDate "2020.05.26"]
[EventType "swiss (blitz)"]

{[%evp 18,104,8,7,15,5,11,-65,-79,-96,-32,-82,-70,-133,45,31,39,35,46,47,58,-31,52,45,194,64,49,0,13,0,0,0,0,0,0,0,0,0,9,8,8,0,9,0,10,4,19,6,14,0,34,37,37,35,31,34,530,264,1152,1176,1005,363,363,362,345,322,29996,29992,29994,29993,29993,29993,29994,29995,29998,29999,29999,29994,29996,29993,29993,29994,29996,29997,29997,29995,29998,29999,29999]} 1. Nf3 d5 2. g3 Nf6 3. Bg2 c6 4. O-O Bf5 5. d3 e6 6. Nbd2 h6 7. Qe1 Be7 8. e4 Bh7 9. Qe2 O-O 10. b3 c5 {A07: Réti Opening: New York and Capablanca Systems.} 11. Bb2 Nc6 12. e5 (12. Ne5 $11) 12... Nd7 $15 {Black is slightly better.} 13. h4 b5 {[#]} (13... Qc7 $17) 14. a4 $146 ({Predecessor:} 14. Nh2 Nd4 15. Bxd4 cxd4 16. f4 Qa5 17. a4 Qc3 18. Ndf3 Rfc8 19. Rfc1 bxa4 20. bxa4 a5 21. Kh1 {0-1 (27) Zuziak,P (1909)-Husek,M (2089) Stare Mesto 2016}) 14... a6 15. h5 (15. c4 $15) 15... c4 $2 (15... Qc7 $17 16. g4 Nb6) 16. dxc4 $14 bxc4 17. bxc4 Rb8 18. cxd5 exd5 19. Ba3 (19. Nb3 $14) 19... Bxc2 (19... Re8 $15) 20. e6 {[#] Rfc1 is the strong threat.} Nf6 (20... Bxa3 $14 21. Rxa3 Qe7 22. exf7+ Rxf7 23. Qxe7 Nxe7) 21. exf7+ ({Don't do} 21. Qxa6 $6 Rb6 $16) (21. Rfc1 $18 Bxa3 22. Rxc2) 21... Rxf7 22. Rfc1 Bxa4 23. Bxe7 ({Wrong is} 23. Qxa6 $2 Bxa3 24. Qxa4 Bxc1 $19) 23... Rxe7 24. Qxa6 Bb5 25. Qa3 Ra7 26. Qc5 Rxa1 27. Rxa1 Qe7 28. Qxe7 Nxe7 29. Rb1 Rb7 30. Nd4 Ba6 31. Ra1 Bd3 32. N2b3 $36 {[%mdl 2048] White is pushing.} Kf7 33. Nc5 Rb4 34. Nxd3 Rxd4 35. Ne5+ Ke6 36. f4 {Hoping for Bh3+.} Nf5 $2 {[%mdl 8192] White stays focused until the end.} ({Black should play} 36... Kd6 $1 $14) 37. Ra6+ (37. Bh3 $142) 37... Nd6 $2 (37... Ke7 38. Nc6+ {[%mdl 64] Double Attack} Kf8 39. Nxd4 Nxd4 40. Ra8+ Ke7) 38. Bh3+ $18 Ke7 39. Ra7+ $2 (39. Nc6+ Kf8 40. Nxd4) 39... Kf8 40. Ng6+ Kg8 41. Be6+ Nf7 $2 (41... Kh7 $18 42. Ra8 Nfe8) 42. Bxf7+ {White mates.} Kh7 43. Ne5 Rd1+ 44. Kf2 Rd2+ 45. Ke1 Ne4 46. Bg6+ Kg8 47. Bxe4 dxe4 48. Kxd2 e3+ 49. Kxe3 Kh7 50. f5 Kh8 {[#]} 51. f6 $1 Kh7 (51... gxf6 52. Ng6+) 52. Rxg7+ Kh8 53. Ng6# {Accuracy: White = 60%, Black = 47%.} 1-0

[Event "Stay Safe Play From Home 175"]
[Site "T#646355Emanuel Laske"]
[Date "2020.05.26"]
[Round "3"]
[White "Mepe_Nika"]
[Black "AChessPlayer"]
[Result "0-1"]
[WhiteElo "2291"]
[BlackElo "2428"]
[PlyCount "94"]
[EventDate "2020.05.26"]
[EventType "swiss (blitz)"]

1. d4 {[%emt 0:00:01]} Nf6 {[%emt 0:00:02]} 2. Bf4 {[%emt 0:00:01]} e6 {[%emt 0:00:01]} 3. e3 {[%emt 0:00:01]} b6 {[%emt 0:00:02]} 4. Qf3 {[%emt 0:00:01]} d5 {[%emt 0:00:02]} 5. Nc3 {[%emt 0:00:01]} Bb7 {[%emt 0:00:00]} 6. Bd3 {[%emt 0:00:01]} a6 {[%emt 0:00:01]} 7. Nge2 {[%emt 0:00:01]} Nbd7 {[%emt 0:00:00]} 8. O-O-O {[%emt 0:00:02]} c5 {[%emt 0:00:00]} 9. Ng3 {[%emt 0:00:02]} c4 {[%emt 0:00:01]} 10. Be2 {[%emt 0:00:01]} b5 {[%emt 0:00:01]} 11. Rde1 {[%emt 0:00:02]} b4 {[%emt 0:00:02]} 12. Nd1 {[%emt 0:00:01]} Qb6 {[%emt 0:00:01]} 13. e4 {[%emt 0:00:02]} dxe4 {[%emt 0:00:02]} 14. Qe3 {[%emt 0:00:01]} Rc8 {[%emt 0:00:02]} 15. c3 {[%emt 0:00:02]} a5 {[%emt 0:00:02]} 16. f3 {[%emt 0:00:03]} Nd5 {[%emt 0:00:04]} 17. Qd2 {[%emt 0:00:02]} Nxf4 {[%emt 0:00:04]} 18. Qxf4 {[%emt 0:00:01]} Bd6 {[%emt 0:00:01]} 19. Qg5 {[%emt 0:00:02]} bxc3 {[%emt 0:00:13]} 20. Nxc3 {[%emt 0:00:01]} Be7 {[%emt 0:00:03]} 21. Qxg7 {[%emt 0:00:01]} Bf6 {[%emt 0:00:01]} 22. Qh6 {[%emt 0:00:02]} Bxd4 {[%emt 0:00:01]} 23. Ngxe4 {[%emt 0:00:01]} Bxe4 {[%emt 0:00:02]} 24. fxe4 {[%emt 0:00:03]} Be3+ {[%emt 0:00:01]} 25. Qxe3 {[%emt 0:00:03]} Qxe3+ {[%emt 0:00:00]} 26. Kb1 {[%emt 0:00:00]} Qb6 {[%emt 0:00:00]} 27. Bf3 {[%emt 0:00:01]} Rb8 {[%emt 0:00:00]} 28. Re2 {[%emt 0:00:00]} Ne5 {[%emt 0:00:01]} 29. Rd1 {[%emt 0:00:01]} Nd3 {[%emt 0:00:01]} 30. Rdd2 {[%emt 0:00:01]} Qb4 {[%emt 0:00:01]} 31. Ka1 {[%emt 0:00:01]} a4 {[%emt 0:00:01]} 32. a3 {[%emt 0:00:01]} Qb3 {[%emt 0:00:01]} 33. e5 {[%emt 0:00:01]} Nxb2 {[%emt 0:00:01]} 34. Bc6+ {[%emt 0:00:01]} Kf8 {[%emt 0:00:01]} 35. Rxb2 {[%emt 0:00:00]} Qxc3 {[%emt 0:00:01]} 36. Kb1 {[%emt 0:00:03]} Rxb2+ {[%emt 0:00:01]} 37. Rxb2 {[%emt 0:00:00]} Qe1+ {[%emt 0:00:00]} 38. Ka2 {[%emt 0:00:01]} Kg7 {[%emt 0:00:00]} 39. Be4 {[%emt 0:00:02]} Rd8 {[%emt 0:00:00]} 40. Bc2 {[%emt 0:00:01]} Rd2 {[%emt 0:00:00]} 41. Rb1 {[%emt 0:00:02]} Qf2 {[%emt 0:00:00]} 42. Rb2 {[%emt 0:00:00]} Rxc2 {[%emt 0:00:01]} 43. Rxc2 {[%emt 0:00:01]} Qxc2+ {[%emt 0:00:00]} 44. Ka1 {[%emt 0:00:00]} Qb3 {[%emt 0:00:00]} 45. g4 {[%emt 0:00:02]} c3 {[%emt 0:00:00]} 46. g5 {[%emt 0:00:01]} c2 {[%emt 0:00:00]} 47. g6 {[%emt 0:00:01]} c1=Q# {[%emt 0:00:00] (Lag: Av=0.35s, max=0.9s)} 0-1

[Event "Stay Safe Play From Home 175"]
[Site "T#646355Emanuel Laske"]
[Date "2020.05.26"]
[Round "3"]
[White "Lazieri3"]
[Black "The Next Contender"]
[Result "1-0"]
[WhiteElo "2096"]
[BlackElo "1897"]
[Annotator "RC"]
[PlyCount "117"]
[EventDate "2020.05.26"]
[EventType "swiss (blitz)"]

1. e4 {[%emt 0:00:01]} d5 {[%emt 0:00:01]} 2. Nc3 {[%emt 0:00:00]} dxe4 {[%emt 0:00:01]} 3. Nxe4 {[%emt 0:00:00]} Bf5 {[%emt 0:00:00]} 4. Ng3 {[%emt 0:00:01]} Bg6 {[%emt 0:00:00]} 5. d4 {[%emt 0:00:01]} c6 {[%emt 0:00:00]} 6. c3 {[%emt 0:00:00]} Nf6 {[%emt 0:00:00]} 7. Nf3 {[%emt 0:00:01]} e6 {[%emt 0:00:00]} 8. Bd3 {[%emt 0:00:00]} Be7 {[%emt 0:00:00]} 9. Bxg6 {[%emt 0:00:01]} hxg6 {[%emt 0:00:00]} 10. Qe2 {[%emt 0:00:00]} O-O {[%emt 0:00:00]} 11. Ne4 {[%emt 0:00:00]} Nbd7 {[%emt 0:00:01]} 12. Nxf6+ {[%emt 0:00:01]} Nxf6 {[%emt 0:00:00]} 13. Bg5 {[%emt 0:00:00]} c5 {[%emt 0:00:01]} 14. dxc5 {[%emt 0:00:02]} Bxc5 {[%emt 0:00:01]} 15. O-O {[%emt 0:00:01]} Be7 {[%emt 0:00:01]} 16. Rfd1 {[%emt 0:00:01]} Qc7 {[%emt 0:00:00]} 17. Rd2 {[%emt 0:00:02]} Rfd8 {[%emt 0:00:01]} 18. Rad1 {[%emt 0:00:03]} Rxd2 {[%emt 0:00:01]} 19. Rxd2 {[%emt 0:00:01]} Nd5 {[%emt 0:00:01]} 20. Rxd5 {[%emt 0:00:05]} exd5 {[%emt 0:00:08]} 21. Qxe7 {[%emt 0:00:02]} Qc6 {[%emt 0:00:07]} 22. h3 {[%emt 0:00:04]} Re8 {[%emt 0:00:01]} 23. Qa3 {[%emt 0:00:02]} a6 {[%emt 0:00:02]} 24. Qb4 {[%emt 0:00:03]} Re4 {[%emt 0:00:02]} 25. Qb3 {[%emt 0:00:06]} Qe6 {[%emt 0:00:02]} 26. Qc2 {[%emt 0:00:04]} Re1+ {[%emt 0:00:02]} 27. Nxe1 {[%emt 0:00:01]} Qxe1+ {[%emt 0:00:00]} 28. Kh2 {[%emt 0:00:00]} Qe5+ {[%emt 0:00:00]} 29. f4 {[%emt 0:00:01]} Qe4 {[%emt 0:00:03]} 30. Qxe4 {[%emt 0:00:01]} dxe4 {[%emt 0:00:00]} 31. Bh4 {[%emt 0:00:00]} f6 {[%emt 0:00:01]} 32. Bf2 {[%emt 0:00:00]} f5 {[%emt 0:00:01]} 33. Be3 {[%emt 0:00:00]} Kf7 {[%emt 0:00:00]} 34. g4 {[%emt 0:00:00]} Ke6 {[%emt 0:00:00]} 35. Kg3 {[%emt 0:00:00]} Kd5 {[%emt 0:00:01]} 36. b3 {[%emt 0:00:01]} b5 {[%emt 0:00:01]} 37. Kh4 {[%emt 0:00:01]} a5 {[%emt 0:00:01]} 38. Kg5 {[%emt 0:00:01]} a4 {[%emt 0:00:01]} 39. Kxg6 {[%emt 0:00:01]} fxg4 {[%emt 0:00:01]} 40. hxg4 {[%emt 0:00:00]} axb3 {[%emt 0:00:00]} 41. axb3 {[%emt 0:00:01]} Ke6 {[%emt 0:00:01]} 42. Kxg7 {[%emt 0:00:01]} Kd5 {[%emt 0:00:00]} 43. f5 {[%emt 0:00:01]} Ke5 {[%emt 0:00:01]} 44. f6 {[%emt 0:00:01]} Ke6 {[%emt 0:00:01]} 45. f7 {[%emt 0:00:01]} Ke7 {[%emt 0:00:01]} 46. f8=Q+ {[%emt 0:00:00]} Ke6 {[%emt 0:00:00]} 47. Qf5+ {[%emt 0:00:00]} Ke7 {[%emt 0:00:01]} 48. Qxb5 {[%emt 0:00:00]} Ke6 {[%emt 0:00:01]} 49. Qf5+ {[%emt 0:00:00]} Kd6 {[%emt 0:00:01]} 50. Qxe4 {[%emt 0:00:00]} Kd7 {[%emt 0:00:01]} 51. Qd5+ {[%emt 0:00:01]} Kc7 {[%emt 0:00:01]} 52. c4 {[%emt 0:00:01]} Kc8 {[%emt 0:00:02]} 53. Kf6 {[%emt 0:00:00]} Kb8 {[%emt 0:00:01]} 54. g5 {[%emt 0:00:00]} Kc7 {[%emt 0:00:00]} 55. g6 {[%emt 0:00:00]} Kc8 {[%emt 0:00:00]} 56. Qd6 {[%emt 0:00:01]} Kb7 {[%emt 0:00:01]} 57. g7 {[%emt 0:00:00]} Kc8 {[%emt 0:00:00]} 58. g8=Q+ {[%emt 0:00:01]} Kb7 {[%emt 0:00:00]} 59. Qgb8# {[%emt 0:00:00] (Lag: Av=1.11s, max=1.9s)} 1-0

[Event "Stay Safe Play From Home 175"]
[Site "T#646355Emanuel Laske"]
[Date "2020.05.26"]
[Round "3"]
[White "Castlingarrocco"]
[Black "Tolka"]
[Result "0-1"]
[WhiteElo "2047"]
[BlackElo "2207"]
[Annotator "RC"]
[PlyCount "74"]
[EventDate "2020.05.26"]
[EventType "swiss (blitz)"]

1. d4 {[%emt 0:00:01]} d6 {[%emt 0:00:01]} 2. e3 {[%emt 0:00:00]} e5 {[%emt 0:00:01]} 3. f4 {[%emt 0:00:00]} exf4 {[%emt 0:00:01]} 4. exf4 {[%emt 0:00:01]} Bf5 {[%emt 0:00:00]} 5. Nf3 {[%emt 0:00:01]} Nd7 {[%emt 0:00:02]} 6. c3 {[%emt 0:00:00]} g6 {[%emt 0:00:01]} 7. Bc4 {[%emt 0:00:01]} Ngf6 {[%emt 0:00:01]} 8. Ng5 {[%emt 0:00:01]} d5 {[%emt 0:00:01]} 9. Bd3 {[%emt 0:00:01]} Bxd3 {[%emt 0:00:02]} 10. Qxd3 {[%emt 0:00:01]} Bd6 {[%emt 0:00:02]} 11. Nf3 {[%emt 0:00:01]} Ne4 {[%emt 0:00:02]} 12. Ne5 {[%emt 0:00:01]} f6 {[%emt 0:00:01]} 13. Nxd7 {[%emt 0:00:01]} Qxd7 {[%emt 0:00:00]} 14. O-O {[%emt 0:00:01]} Qf5 {[%emt 0:00:02]} 15. Qe2 {[%emt 0:00:03]} O-O {[%emt 0:00:01]} 16. Nd2 {[%emt 0:00:01]} Rae8 {[%emt 0:00:01]} 17. Nxe4 {[%emt 0:00:01]} Rxe4 {[%emt 0:00:02]} 18. Qf2 {[%emt 0:00:02]} Rfe8 {[%emt 0:00:00]} 19. Qf3 {[%emt 0:00:06]} h5 {[%emt 0:00:02]} 20. h3 {[%emt 0:00:01]} Re2 {[%emt 0:00:01]} 21. Rf2 {[%emt 0:00:01]} Re1+ {[%emt 0:00:03]} 22. Rf1 {[%emt 0:00:01]} R1e2 {[%emt 0:00:02]} 23. Rf2 {[%emt 0:00:01]} Qc2 {[%emt 0:00:00]} 24. Rxe2 {[%emt 0:00:04]} Qxe2 {[%emt 0:00:02]} 25. Qxe2 {[%emt 0:00:01]} Rxe2 {[%emt 0:00:00]} 26. Kf1 {[%emt 0:00:01]} Rc2 {[%emt 0:00:01]} 27. g4 {[%emt 0:00:02]} h4 {[%emt 0:00:01]} 28. f5 {[%emt 0:00:01]} g5 {[%emt 0:00:01]} 29. Rb1 {[%emt 0:00:02]} Kg7 {[%emt 0:00:02]} 30. Be3 {[%emt 0:00:01]} Bf4 {[%emt 0:00:01]} 31. Bxf4 {[%emt 0:00:01]} gxf4 {[%emt 0:00:00]} 32. Kg1 {[%emt 0:00:02]} Kh6 {[%emt 0:00:01]} 33. Re1 {[%emt 0:00:01]} Kg5 {[%emt 0:00:01]} 34. Re7 {[%emt 0:00:01]} f3 {[%emt 0:00:00]} 35. Kf1 {[%emt 0:00:01]} Kf4 {[%emt 0:00:01]} 36. Rxc7 {[%emt 0:00:01]} Kg3 {[%emt 0:00:01]} 37. Rf7 {[%emt 0:00:02]} Rc1# {[%emt 0:00:01] (Lag: Av=0.33s, max=1.0s)} 0-1

[Event "Stay Safe Play From Home 175"]
[Site "T#646355Emanuel Laske"]
[Date "2020.05.26"]
[Round "3"]
[White "Rish_97"]
[Black "Lamborghini"]
[Result "1-0"]
[WhiteElo "1929"]
[BlackElo "2214"]
[Annotator "NA"]
[PlyCount "111"]
[EventDate "2020.05.26"]
[EventType "swiss (blitz)"]

1. e4 {[%emt 0:00:01]} c5 {[%emt 0:00:01]} 2. Nc3 {[%emt 0:00:01]} d6 {[%emt 0:00:01]} 3. Bb5+ {[%emt 0:00:02]} Bd7 {[%emt 0:00:02]} 4. Bxd7+ {[%emt 0:00:01]} Qxd7 {[%emt 0:00:01]} 5. d4 {[%emt 0:00:01]} cxd4 {[%emt 0:00:01]} 6. Qxd4 {[%emt 0:00:00]} Nc6 {[%emt 0:00:00]} 7. Qd3 {[%emt 0:00:00]} Nf6 {[%emt 0:00:02]} 8. Nf3 {[%emt 0:00:00]} e6 {[%emt 0:00:01]} 9. O-O {[%emt 0:00:01]} Be7 {[%emt 0:00:01]} 10. Rd1 {[%emt 0:00:02]} a6 {[%emt 0:00:01]} 11. Bg5 {[%emt 0:00:03]} Qc7 {[%emt 0:00:01]} 12. Bxf6 {[%emt 0:00:02]} gxf6 {[%emt 0:00:01]} 13. a4 {[%emt 0:00:03]} h5 {[%emt 0:00:01]} 14. Nd2 {[%emt 0:00:01]} Ne5 {[%emt 0:00:02]} 15. Qe2 {[%emt 0:00:01]} O-O-O {[%emt 0:00:03]} 16. a5 {[%emt 0:00:01]} Kb8 {[%emt 0:00:02]} 17. f4 {[%emt 0:00:03]} Ng4 {[%emt 0:00:05]} 18. Nb3 {[%emt 0:00:05]} d5 {[%emt 0:00:01]} 19. h3 {[%emt 0:00:01]} Bc5+ {[%emt 0:00:04]} 20. Nxc5 {[%emt 0:00:03]} Qxc5+ {[%emt 0:00:01]} 21. Kh1 {[%emt 0:00:00]} Nf2+ {[%emt 0:00:01]} 22. Kh2 {[%emt 0:00:00]} Nxd1 {[%emt 0:00:01]} 23. Rxd1 {[%emt 0:00:00]} d4 {[%emt 0:00:03]} 24. Na4 {[%emt 0:00:01]} Qxa5 {[%emt 0:00:01]} 25. b4 {[%emt 0:00:01]} Qxa4 {[%emt 0:00:02]} 26. Qc4 {[%emt 0:00:01]} Qc6 {[%emt 0:00:01]} 27. Qb3 {[%emt 0:00:01]} Qxe4 {[%emt 0:00:01]} 28. b5 {[%emt 0:00:00]} Qxf4+ {[%emt 0:00:01]} 29. Kh1 {[%emt 0:00:00]} a5 {[%emt 0:00:02]} 30. b6 {[%emt 0:00:01]} Rd5 {[%emt 0:00:02]} 31. Ra1 {[%emt 0:00:01]} d3 {[%emt 0:00:02]} 32. cxd3 {[%emt 0:00:01]} Qd4 {[%emt 0:00:01]} 33. Rc1 {[%emt 0:00:01]} Rc8 {[%emt 0:00:02]} 34. Rxc8+ {[%emt 0:00:01]} Kxc8 {[%emt 0:00:00]} 35. Qc2+ {[%emt 0:00:00]} Rc5 {[%emt 0:00:01]} 36. Qd2 {[%emt 0:00:00]} a4 {[%emt 0:00:01]} 37. Qa2 {[%emt 0:00:01]} a3 {[%emt 0:00:01]} 38. Qxa3 {[%emt 0:00:01]} Rc3 {[%emt 0:00:01]} 39. Qa8+ {[%emt 0:00:01]} Kd7 {[%emt 0:00:00]} 40. Qxb7+ {[%emt 0:00:00]} Kd6 {[%emt 0:00:00]} 41. Qb8+ {[%emt 0:00:00]} Kd5 {[%emt 0:00:01]} 42. Qd8+ {[%emt 0:00:01]} Ke5 {[%emt 0:00:01]} 43. Qxd4+ {[%emt 0:00:00]} Kxd4 {[%emt 0:00:00]} 44. b7 {[%emt 0:00:00]} Rb3 {[%emt 0:00:00]} 45. Kh2 {[%emt 0:00:01]} Rxb7 {[%emt 0:00:00]} 46. Kg3 {[%emt 0:00:00]} Rb3 {[%emt 0:00:00]} 47. Kh4 {[%emt 0:00:00]} Rxd3 {[%emt 0:00:01]} 48. g4 {[%emt 0:00:00]} f5 {[%emt 0:00:00]} 49. gxh5 {[%emt 0:00:01]} e5 {[%emt 0:00:00]} 50. h6 {[%emt 0:00:00]} e4 {[%emt 0:00:00]} 51. h7 {[%emt 0:00:00]} Ke3 {[%emt 0:00:00]} 52. h8=Q {[%emt 0:00:00]} Rd5 {[%emt 0:00:01]} 53. Qh6+ {[%emt 0:00:00]} f4 {[%emt 0:00:00]} 54. Qb6+ {[%emt 0:00:01]} Rd4 {[%emt 0:00:01]} 55. Qb3+ {[%emt 0:00:01]} Rd3 {[%emt 0:00:01]} 56. Qb6+ {[%emt 0:00:00] Zeit (Lag: Av=0.52s, max=1.2s)} 1-0